VietNam une longue histoire

Gardado en:
Detalles Bibliográficos
Autor Principal: Nguyen, Khac Vien
Formato: Libro
Idioma:Undetermined
Publicado: Ha Noi The Giơi 1993
Những chủ đề:
Các nhãn: Engadir etiqueta
Sen Etiquetas, Sexa o primeiro en etiquetar este rexistro!
Thư viện lưu trữ: Trung tâm Học liệu Trường Đại học Cần Thơ
LEADER 00478nam a2200193Ia 4500
001 CTU_22127
008 210402s9999 xx 000 0 und d
082 |a 959.7 
082 |b V305 
100 |a Nguyen, Khac Vien 
245 0 |a VietNam une longue histoire 
245 0 |c Nguyen Khac Vien 
260 |a Ha Noi 
260 |b The Giơi 
260 |c 1993 
650 |a VietNam 
650 |x History 
904 |i Minh 
980 |a Trung tâm Học liệu Trường Đại học Cần Thơ